| 000 | 01385nam a2200265Ii 4500 | ||
|---|---|---|---|
| 003 | JO-AjNU | ||
| 005 | 20240623130545.0 | ||
| 008 | 230605s9999||||xx |||||||||||||| ||und|| | ||
| 040 |
_aJO-AjNU _bara _erda _cJO-AjNU |
||
| 041 | _aara | ||
| 050 |
_aHF5616. _bY4.K8378 2012 |
||
| 100 | 1 |
_aالقباطي، صبحي سعيد علي _964769 _eمعد |
|
| 245 | 0 |
_aتقييم الإجراءات التحليلية في التدقيق في الجمهورية اليمنية : دراسة ميدانية = An Evaluation of the Analytical Procedures in Auditing in the Republic of Yemen : An Empirical Study / _cإعداد صبحي سعيد علي القباطي ؛ إشراف تركي راجي الحمود . |
|
| 260 | _c2012 | ||
| 300 | _a186 ورقة | ||
| 336 |
_atext _btxt _2rdacontent |
||
| 337 |
_aunmediated _bn _2rdamedia |
||
| 338 |
_avolume _bnc _2rdacarrier |
||
| 500 | _aرسالة جامعية (ماجستير)--جامعة اليرموك (إربد، الأردن)، كلية الاقتصاد والعلوم الإدارية، قسم المحاسبة، 2012 | ||
| 501 | _aتحتوي على ملاحق | ||
| 504 | _aتحتوي على مراجع باللغتين العربية والانجليزية | ||
| 650 | 4 | 0 |
_aمراجعة الحسابات-تنظيم وادارة-اليمن. _964771 |
| 700 | 1 |
_aالحمود، تركي راجي _964635 _eمشرف |
|
| 942 |
_2lcc _cTHS |
||
| 999 |
_c33049 _d33049 |
||